[Event "GER M07-C email"]
[Site "GER email"]
[Date "2018.06.19"]
[Round "?"]
[White "Marquez Abreu, Carlos Javier"]
[Black "Gonzaga Grego, Luis Jose"]
[Result "1/2-1/2"]
[WhiteElo "2426"]
[BlackElo "2403"]
[PlyCount "99"]
[EventDate "2018.??.??"]
[EventType "tourn (corr)"]
[EventRounds "10"]
[EventCountry "GER"]
[SourceTitle "Corr 2020"]
[Source "ChessBase"]
[SourceDate "2019.09.30"]
[SourceVersion "1"]
[SourceVersionDate "2019.09.30"]
[SourceQuality "1"]

1. Nf3 Nf6 2. c4 g6 3. g3 Bg7 4. Bg2 0-0 5. 0-0 d6 6. d4 Nc6 7. Nc3 e5 8. d5 Ne7 9. e4 Nd7 10. a3 h6 11. Rb1 f5 12. exf5 Rxf5 13. Nd2 Rf7 14. Nde4 Nf5 15. Qd3 Nf6 16. Bd2 Nxe4 17. Bxe4 Ne7 18. f3 Bh3 19. Rf2 Qd7 20. b4 Raf8 21. c5 b6 22. c6 Qe8 23. b5 g5 24. Rb4 g4 25. f4 exf4 26. gxf4 Nf5 27. Re2 Qc8 28. Nd1 Nh4 29. Nf2 Nf3+ 30. Bxf3 gxf3 31. Qxf3 Bf5 32. h3 Bg6 33. Re6 Rf6 34. Rbe4 Bxe4 35. Qxe4 Rxe6 36. dxe6 Qe8 37. Kg2 Qh5 38. Ng4 Qf5 39. Qxf5 Rxf5 40. e7 Kf7 41. Bc3 Kxe7 42. Bxg7 Rxf4 43. Ne3 Ke6 44. Bxh6 Rh4 45. Bg5 Ra4 46. Nc2 Rc4 47. Ne1 Rc3 48. Bd8 a6 49. a4 Rc4 50. Bxc7 1/2-1/2

[Event "GER M07-C email"]
[Site "GER email"]
[Date "2018.06.19"]
[Round "?"]
[White "Marquez Abreu, Carlos Javier"]
[Black "Hrubcik, Martin"]
[Result "1/2-1/2"]
[WhiteElo "2426"]
[BlackElo "2414"]
[PlyCount "79"]
[EventDate "2018.??.??"]
[EventType "tourn (corr)"]
[EventRounds "10"]
[EventCountry "GER"]
[SourceTitle "Corr 2020"]
[Source "ChessBase"]
[SourceDate "2019.09.30"]
[SourceVersion "1"]
[SourceVersionDate "2019.09.30"]
[SourceQuality "1"]

1. Nf3 Nf6 2. b3 d5 3. Bb2 Bg4 4. e3 Nbd7 5. h3 Bh5 6. g4 Bg6 7. Nh4 e5 8. d3 Bd6 9. Bg2 c6 10. Nd2 Qe7 11. g5 Nh5 12. Qg4 Rd8 13. 0-0 0-0 14. Rad1 Bc5 15. Ndf3 Ba3 16. Ba1 Bd6 17. c4 Bb8 18. Rfe1 Qd6 19. Nxg6 hxg6 20. cxd5 cxd5 21. Bc3 Rfe8 22. Ba5 b6 23. Bb4 Qc7 24. Rc1 Qb7 25. Red1 e4 26. Ne1 Ne5 27. Qh4 f5 28. gxf6 Nxf6 29. Bc3 b5 30. a4 a6 31. dxe4 dxe4 32. Rxd8 Rxd8 33. Bd4 Re8 34. Bf1 Bd6 35. Qg5 Qd5 36. axb5 axb5 37. Rb1 Rf8 38. Be2 Nh7 39. Qg2 Rf5 40. Bxe5 1/2-1/2

[Event "GER M07-C email"]
[Site "GER email"]
[Date "2018.06.19"]
[Round "?"]
[White "Marquez Abreu, Carlos Javier"]
[Black "Keskowski, Thilo"]
[Result "1/2-1/2"]
[WhiteElo "2426"]
[BlackElo "2405"]
[PlyCount "85"]
[EventDate "2018.??.??"]
[EventType "tourn (corr)"]
[EventRounds "10"]
[EventCountry "GER"]
[SourceTitle "Corr 2020"]
[Source "ChessBase"]
[SourceDate "2019.09.30"]
[SourceVersion "1"]
[SourceVersionDate "2019.09.30"]
[SourceQuality "1"]

1. c4 c5 2. Nc3 Nc6 3. g3 g6 4. Bg2 Bg7 5. Nf3 d6 6. 0-0 Bf5 7. d3 Qd7 8. Nd5 Nf6 9. Bd2 0-0 10. Bc3 e5 11. e3 Bh3 12. a3 Bxg2 13. Kxg2 Rac8 14. Nd2 Ne8 15. b4 Ne7 16. e4 Nxd5 17. cxd5 f5 18. bxc5 Rxc5 19. Bb4 Rc8 20. a4 Rf7 21. f3 Nc7 22. Rc1 Bh6 23. Rc3 Be3 24. Rc2 Ne8 25. Rxc8 Qxc8 26. Nc4 Bc5 27. Bd2 b6 28. Qb3 Nf6 29. Qc2 Qf8 30. Qc1 Qe8 31. Qd1 Qd7 32. Qb3 Qc8 33. a5 h5 34. axb6 axb6 35. h4 fxe4 36. dxe4 Qa6 37. Be3 Nd7 38. Bxc5 Nxc5 39. Qc2 Rc7 40. Nxd6 Ne6 41. Qb2 Nd4 42. Rf2 b5 43. Ne8 1/2-1/2

[Event "GER M07-C email"]
[Site "GER email"]
[Date "2018.06.19"]
[Round "?"]
[White "Marquez Abreu, Carlos Javier"]
[Black "Scheiba, Manfred"]
[Result "1/2-1/2"]
[WhiteElo "2426"]
[BlackElo "2414"]
[PlyCount "59"]
[EventDate "2018.??.??"]
[EventType "tourn (corr)"]
[EventRounds "10"]
[EventCountry "GER"]
[SourceTitle "Corr 2020"]
[Source "ChessBase"]
[SourceDate "2019.09.30"]
[SourceVersion "1"]
[SourceVersionDate "2019.09.30"]
[SourceQuality "1"]

1. Nf3 c5 2. c4 Nc6 3. d4 cxd4 4. Nxd4 e6 5. Nc3 Nf6 6. a3 Be7 7. e4 0-0 8. Nf3 Qc7 9. Bd3 b6 10. 0-0 Bb7 11. h3 d6 12. Be3 Rfd8 13. b4 Rac8 14. Rc1 h6 15. Qb3 Qb8 16. Rfe1 Nd7 17. Nd2 Nce5 18. Bb1 Ng6 19. Ne2 a6 20. Nd4 Bf6 21. Red1 Qa8 22. Re1 Rc7 23. Rc2 Ne7 24. Ne2 Bxe4 25. Nxe4 Qxe4 26. Rd1 Qc6 27. Ng3 Bh4 28. Rcc1 Bxg3 29. fxg3 Nf8 30. a4 1/2-1/2

[Event "GER M07-C email"]
[Site "GER email"]
[Date "2018.06.19"]
[Round "?"]
[White "Marquez Abreu, Carlos Javier"]
[Black "Schulz, Guenter"]
[Result "1/2-1/2"]
[WhiteElo "2426"]
[BlackElo "2411"]
[PlyCount "59"]
[EventDate "2018.??.??"]
[EventType "tourn (corr)"]
[EventRounds "10"]
[EventCountry "GER"]
[SourceTitle "Corr 2020"]
[Source "ChessBase"]
[SourceDate "2019.09.30"]
[SourceVersion "1"]
[SourceVersionDate "2019.09.30"]
[SourceQuality "1"]

1. d4 Nf6 2. c4 g6 3. Nc3 d5 4. Nf3 Bg7 5. cxd5 Nxd5 6. Bg5 c5 7. Rc1 Nc6 8. Nxd5 Qxd5 9. Rxc5 Qxa2 10. Bc1 0-0 11. e3 Bd7 12. Bc4 Qa1 13. Be2 Rac8 14. 0-0 Na5 15. b4 Ba4 16. Rxa5 Bxd1 17. Rxa1 Bxe2 18. Re1 Rc2 19. Rxa7 Rfc8 20. Ra1 Bxf3 21. gxf3 e5 22. dxe5 Bxe5 23. Rb1 Ra8 24. f4 Bc3 25. Rd1 Raa2 26. Rd8+ Kg7 27. Rc8 Kh6 28. e4 Bd4 29. Rxc2 Rxc2 30. Be3 1/2-1/2